Problem Of Population Oxford Pampjlets On In (Record no. 12399)

MARC details
000 -LEADER
fixed length control field 00404nam a2200133Ia 4500
008 - FIXED-LENGTH DATA ELEMENTS--GENERAL INFORMATION
fixed length control field 211109s9999||||xx |||||||||||||| ||und||
082 ## - DEWEY DECIMAL CLASSIFICATION NUMBER
Classification number 301.32
Item number CHA-P
100 ## - MAIN ENTRY--PERSONAL NAME
Personal name Chand [gyan],
245 #0 - TITLE STATEMENT
Title Problem Of Population Oxford Pampjlets On In
260 ## - PUBLICATION, DISTRIBUTION, ETC.
Name of publisher, distributor, etc. Oxford University Press
Place of publication, distribution, etc. Bombay
Date of publication, distribution, etc. 1945
630 ## - SUBJECT ADDED ENTRY--UNIFORM TITLE
General subdivision General Stack
650 ## - SUBJECT ADDED ENTRY--TOPICAL TERM
Topical term or geographic name entry element Population
942 ## - ADDED ENTRY ELEMENTS (KOHA)
Koha item type BOOK
650 ## - SUBJECT ADDED ENTRY--TOPICAL TERM
Form subdivision Sociology & anthropology
General subdivision social science
Holdings
Withdrawn status Lost status Damaged status Not for loan Home library Current library Date acquired Total Checkouts Full call number Barcode Shelving location Date last seen Price effective from Koha item type
        SB LIBRARY SB LIBRARY 09/11/2021   301.32 CHA-P 00012969 GENERAL STACK 09/11/2021 09/11/2021 BOOK

Powered by Koha